[Event "Izhevsk Corporation Cup 6th"]
[Site "Izhevsk"]
[Date "2014.07.19"]
[Round "7"]
[White "Ivanov, Stepan"]
[Black "Sazonova, Elena"]
[Result "0-1"]
[WhiteElo "2003"]
[BlackElo "2161"]
[PlyCount "82"]
[EventDate "2014.07.12"]
[EventType "swiss"]
[EventRounds "9"]
[EventCountry "RUS"]
[SourceTitle "CBM 161 Extra"]
[Source "ChessBase"]
[SourceDate "2014.08.29"]
[SourceVersion "1"]
[SourceVersionDate "2014.08.29"]
[SourceQuality "1"]

1. d4 Nf6 2. c4 g6 3. g3 Bg7 4. Bg2 d5 5. cxd5 Nxd5 6. e4 Nb4 7. Ne2 c5 8. d5 0-0 9. 0-0 e6 10. a3 N4a6 11. Nec3 exd5 12. exd5 Nd7 13. Nd2 Ne5 14. Nde4 h6 15. d6 Rb8 16. Re1 Bg4 17. f3 Be6 18. Be3 Nc4 19. Bf2 Nxb2 20. Qc2 Nc4 21. Rac1 Qa5 22. Ne2 Nxa3 23. Qd1 b6 24. Nf4 Bd7 25. Nd5 f5 26. Nd2 Qa4 27. Qe2 Rbe8 28. Ne7+ Kh7 29. f4 Nb4 30. Nc4 Nxc4 31. Qxc4 Qb5 32. Qb3 Qd3 33. Qd1 Qxd1 34. Rexd1 a5 35. Bxc5 bxc5 36. Rxc5 a4 37. Rc7 Rd8 38. Rb1 a3 39. Rxb4 a2 40. Ra7 a1Q+ 41. Rxa1 Bxa1 0-1

[Event "Izhevsk Corporation Cup 6th"]
[Site "Izhevsk"]
[Date "2014.07.14"]
[Round "3"]
[White "Ivanov, Stepan"]
[Black "Popov, Mikhail"]
[Result "0-1"]
[WhiteElo "2003"]
[BlackElo "2256"]
[PlyCount "97"]
[EventDate "2014.07.12"]
[EventType "swiss"]
[EventRounds "9"]
[EventCountry "RUS"]
[SourceTitle "CBM 161 Extra"]
[Source "ChessBase"]
[SourceDate "2014.08.29"]
[SourceVersion "1"]
[SourceVersionDate "2014.08.29"]
[SourceQuality "1"]

1. d4 Nf6 2. c4 e6 3. Nc3 Bb4 4. e3 c5 5. Bd3 d5 6. cxd5 Nxd5 7. Qc2 cxd4 8. exd4 Nc6 9. Nf3 Nf6 10. 0-0 Be7 11. a3 Bd7 12. Bg5 Rc8 13. Rfe1 h6 14. Bxf6 Bxf6 15. d5 Nd4 16. Nxd4 Bxd4 17. dxe6 Bxe6 18. Be4 0-0 19. Bxb7 Rc7 20. Bf3 Qf6 21. Rac1 Rfc8 22. Qa4 Bxc3 23. bxc3 Rxc3 24. Rxc3 Qxc3 25. Qb4 a5 26. Qxc3 Rxc3 27. Ra1 g5 28. Kf1 f5 29. Ke1 Rb3 30. Bd1 Rb2 31. Rc1 Bb3 32. Bxb3+ Rxb3 33. Ra1 a4 34. Ra2 Kf7 35. Ke2 Ke6 36. Ra1 h5 37. Ra2 f4 38. f3 g4 39. Kf2 Kd5 40. fxg4 hxg4 41. Ke2 Rc3 42. Kd2 Rb3 43. Ke2 Ke4 44. Kf2 Kd4 45. Rd2+ Kc3 46. Ra2 Rb2+ 47. Rxb2 Kxb2 48. h4 gxh3 49. gxh3 0-1

[Event "Izhevsk Corporation Cup 6th"]
[Site "Izhevsk"]
[Date "2014.07.12"]
[Round "1"]
[White "Ivanov, Stepan"]
[Black "Khanin, Semen"]
[Result "1-0"]
[WhiteElo "2003"]
[BlackElo "2317"]
[PlyCount "61"]
[EventDate "2014.07.12"]
[EventType "swiss"]
[EventRounds "9"]
[EventCountry "RUS"]
[SourceTitle "CBM 161 Extra"]
[Source "ChessBase"]
[SourceDate "2014.08.29"]
[SourceVersion "1"]
[SourceVersionDate "2014.08.29"]
[SourceQuality "1"]

1. d4 Nf6 2. c4 g6 3. g3 Bg7 4. Bg2 0-0 5. Nc3 d6 6. Nf3 Nbd7 7. 0-0 e5 8. e4 c6 9. h3 exd4 10. Nxd4 a5 11. Be3 Re8 12. Qc2 Nc5 13. Rad1 Qc7 14. Rfe1 Nfd7 15. f4 a4 16. Kh2 Qa5 17. Nf3 Qb4 18. Rxd6 a3 19. e5 axb2 20. Rb1 Na4 21. Nxa4 Rxa4 22. Rxb2 Qxc4 23. Qd2 Nf8 24. Ng5 Ra3 25. Ne4 Re7 26. Bc5 Qa6 27. Rd8 Rd7 28. Nf6+ Bxf6 29. Rxf8+ Kg7 30. exf6+ Kxf6 31. Qe1 1-0

[Event "Izhevsk Corporation Cup 5th"]
[Site "Izhevsk"]
[Date "2013.07.16"]
[Round "5"]
[White "Ivanov, Stepan"]
[Black "Shpilevoy, Eugen"]
[Result "0-1"]
[WhiteElo "2021"]
[BlackElo "2007"]
[PlyCount "82"]
[EventDate "2013.07.11"]
[EventType "swiss"]
[EventRounds "9"]
[EventCountry "RUS"]
[SourceTitle "EXT 2014"]
[Source "ChessBase"]
[SourceDate "2013.11.20"]
[SourceVersion "1"]
[SourceVersionDate "2013.11.20"]
[SourceQuality "1"]

1. d4 c5 2. d5 e5 3. g3 d6 4. Bg2 Nf6 5. c4 Be7 6. e4 b5 7. cxb5 a6 8. bxa6 Bxa6 9. Nc3 Nbd7 10. b3 Qb8 11. a3 Bd8 12. f3 Ba5 13. Bd2 0-0 14. Bf1 Bxf1 15. Kxf1 Qb7 16. a4 Qb4 17. Nge2 Rfb8 18. Rb1 c4 19. bxc4 Qxc4 20. Kg2 Nc5 21. Nb5 Bxd2 22. Qxd2 Ncxe4 23. Qe3 Qxa4 24. Nc7 Rxb1 25. Rxb1 Rc8 26. Nb5 Qa2 27. Re1 Qa5 28. Rb1 Rb8 29. Qd3 Nc5 30. Qc4 Qd2 31. Kh3 h5 32. Nec3 g5 33. Nxd6 g4+ 34. Kh4 Rxb1 35. Nxb1 Qxh2+ 36. Kg5 Nh7+ 37. Kh6 Qxg3 38. Nxf7 gxf3 39. d6 Qg7+ 40. Kxh5 Qxf7+ 41. Qxf7+ Kxf7 0-1

[Event "Izhevsk Corporation Cup 5th"]
[Site "Izhevsk"]
[Date "2013.07.13"]
[Round "2"]
[White "Kolomensky, Vladimir"]
[Black "Ivanov, Stepan"]
[Result "1-0"]
[WhiteElo "2255"]
[BlackElo "2021"]
[PlyCount "45"]
[EventDate "2013.07.11"]
[EventType "swiss"]
[EventRounds "9"]
[EventCountry "RUS"]
[SourceTitle "EXT 2014"]
[Source "ChessBase"]
[SourceDate "2013.11.20"]
[SourceVersion "1"]
[SourceVersionDate "2013.11.20"]
[SourceQuality "1"]

1. e4 c5 2. Nf3 d6 3. d4 cxd4 4. Nxd4 Nf6 5. Nc3 a6 6. Be2 e5 7. Nb3 Be7 8. 0-0 0-0 9. Kh1 b6 10. f3 Qc7 11. Be3 b5 12. a4 b4 13. Nd5 Nxd5 14. Qxd5 Qxc2 15. Qxa8 Qxe2 16. Rfe1 Qc2 17. Nd2 Nd7 18. Rac1 Nb6 19. Qa7 Qxb2 20. Qxb6 f5 21. Nc4 Qa2 22. Nxd6 Be6 23. Nxf5 1-0

[Event "Izhevsk Corporation Cup 5th"]
[Site "Izhevsk"]
[Date "2013.07.12"]
[Round "1"]
[White "Pushin, Vladimir"]
[Black "Ivanov, Stepan"]
[Result "1-0"]
[WhiteElo "2349"]
[BlackElo "2021"]
[PlyCount "85"]
[EventDate "2013.07.11"]
[EventType "swiss"]
[EventRounds "9"]
[EventCountry "RUS"]
[SourceTitle "EXT 2014"]
[Source "ChessBase"]
[SourceDate "2013.11.20"]
[SourceVersion "1"]
[SourceVersionDate "2013.11.20"]
[SourceQuality "1"]

1. Nf3 Nf6 2. b3 e6 3. Bb2 d5 4. e3 Be7 5. c4 0-0 6. Be2 c5 7. 0-0 dxc4 8. bxc4 Nc6 9. Qb3 b6 10. Rd1 Bb7 11. Nc3 e5 12. d3 Re8 13. a3 Bd6 14. Nd5 Bc7 15. Qc2 Na5 16. Nxc7 Qxc7 17. Bc3 Nc6 18. Qb2 Nd7 19. a4 a5 20. Rd2 f6 21. Nh4 Nf8 22. Nf5 Ne6 23. Bf3 Rad8 24. Bd5 Nb4 25. e4 Bxd5 26. cxd5 Ng5 27. f4 Nf7 28. Rf1 Qd7 29. Qb3 Kh8 30. Ne3 exf4 31. Rxf4 Ne5 32. Bxe5 Rxe5 33. Nc4 Ree8 34. Rf1 b5 35. axb5 Qxb5 36. Ra1 f5 37. Rxa5 Qb8 38. Rxc5 fxe4 39. dxe4 Rxe4 40. Rd1 Qa7 41. Qxb4 Rc8 42. Nb6 Rce8 43. Qxe4 1-0

[Event "Satka Summer op"]
[Site "Satka"]
[Date "2013.07.06"]
[Round "5"]
[White "Ivanov, Stepan"]
[Black "Soldatenkov, Anton"]
[Result "1/2-1/2"]
[WhiteElo "2021"]
[BlackElo "1796"]
[PlyCount "65"]
[EventDate "2013.07.02"]
[EventType "swiss"]
[EventRounds "9"]
[EventCountry "RUS"]
[SourceTitle "EXT 2014"]
[Source "ChessBase"]
[SourceDate "2013.11.20"]
[SourceVersion "1"]
[SourceVersionDate "2013.11.20"]
[SourceQuality "1"]

1. d4 d5 2. c4 dxc4 3. e3 e5 4. Bxc4 exd4 5. exd4 Nf6 6. Nc3 Be7 7. Nf3 0-0 8. h3 Nbd7 9. 0-0 Nb6 10. Bb3 c6 11. Bc2 Be6 12. Ne2 c5 13. Ng3 cxd4 14. Nf5 Bxf5 15. Bxf5 Qd5 16. Qd3 Nbd7 17. Bxd7 Qxd7 18. Qxd4 Qxd4 19. Nxd4 Bc5 20. Nf5 g6 21. Be3 Bxe3 22. Nxe3 Rfd8 23. Rfd1 Rac8 24. Kf1 Kf8 25. Ke2 Ke7 26. Rac1 Ke6 27. Rxd8 Rxd8 28. Rc7 Rd7 29. Rc8 Ne4 30. Re8+ Re7 31. Rxe7+ Kxe7 32. f3 Nc5 33. Nc4 1/2-1/2

[Event "Satka-ch"]
[Site "Satka"]
[Date "2012.12.30"]
[Round "9"]
[White "Baigildin, Albert"]
[Black "Ivanov, Stepan"]
[Result "1-0"]
[WhiteElo "2164"]
[BlackElo "2019"]
[PlyCount "47"]
[EventDate "2012.12.22"]
[EventType "swiss"]
[EventRounds "9"]
[EventCountry "RUS"]
[SourceTitle "CBM 152 Extra"]
[Source "ChessBase"]
[SourceDate "2013.02.25"]
[SourceVersion "1"]
[SourceVersionDate "2013.02.25"]
[SourceQuality "1"]

1. e4 c5 2. Nf3 d6 3. d4 cxd4 4. Nxd4 Nf6 5. Nc3 a6 6. f3 e5 7. Nb3 Be7 8. Be3 0-0 9. Qd2 Nbd7 10. 0-0-0 b5 11. g4 Bb7 12. a3 Rc8 13. g5 Nh5 14. Bh3 g6 15. Bg4 Ng7 16. h4 Rc4 17. h5 gxh5 18. Bxh5 h6 19. gxh6 Nxh5 20. h7+ Kh8 21. Rxh5 f5 22. Bh6 Rf7 23. Rg1 Nf6 24. Qg2 1-0

[Event "Satka-ch"]
[Site "Satka"]
[Date "2012.12.27"]
[Round "6"]
[White "Mukhametnurov, Valery"]
[Black "Ivanov, Stepan"]
[Result "1/2-1/2"]
[WhiteElo "1898"]
[BlackElo "2019"]
[PlyCount "110"]
[EventDate "2012.12.22"]
[EventType "swiss"]
[EventRounds "9"]
[EventCountry "RUS"]
[SourceTitle "CBM 152 Extra"]
[Source "ChessBase"]
[SourceDate "2013.02.25"]
[SourceVersion "1"]
[SourceVersionDate "2013.02.25"]
[SourceQuality "1"]

1. d4 Nf6 2. Nf3 e6 3. g3 d5 4. Bg2 c5 5. c3 Bd6 6. 0-0 0-0 7. Bg5 Nbd7 8. Nbd2 h6 9. Bxf6 Nxf6 10. Qc2 Qb6 11. dxc5 Bxc5 12. b4 Be7 13. e4 dxe4 14. Nxe4 Nxe4 15. Qxe4 Bf6 16. Rac1 a5 17. a3 Rd8 18. Ne5 axb4 19. Nc4 Qb5 20. axb4 Ra6 21. Rfd1 Rxd1+ 22. Rxd1 Rc6 23. Nd6 Qa4 24. Qg4 Rc7 25. Ne4 Be7 26. Qf3 f5 27. Nc5 Bxc5 28. bxc5 Rxc5 29. Qd3 Rxc3 30. Qd8+ Kh7 31. Re1 Qc4 32. Qb6 Rc1 33. Qe3 Rxe1+ 34. Qxe1 b5 35. Bf1 Qc5 36. Qb1 Bb7 37. Qxb5 Qxb5 38. Bxb5 Kg6 39. f4 Kf6 40. Kf2 g5 41. Ke3 e5 42. fxe5+ Kxe5 43. Be8 Kd5 44. Bf7+ Ke5 45. Be8 f4+ 46. gxf4+ gxf4+ 47. Kf2 Kf5 48. Bd7+ Kg5 49. Be6 Be4 50. Bd7 Bc2 51. Bc8 Bd1 52. Bb7 Kg4 53. Bc8+ Kh4 54. Bb7 Bg4 55. Bc6 Kg5 1/2-1/2

[Event "Satka-ch"]
[Site "Satka"]
[Date "2012.12.24"]
[Round "3"]
[White "Ivanov, Stepan"]
[Black "Vaseptsov, Maxim"]
[Result "1/2-1/2"]
[WhiteElo "2019"]
[BlackElo "2200"]
[PlyCount "59"]
[EventDate "2012.12.22"]
[EventType "swiss"]
[EventRounds "9"]
[EventCountry "RUS"]
[SourceTitle "CBM 152 Extra"]
[Source "ChessBase"]
[SourceDate "2013.02.25"]
[SourceVersion "1"]
[SourceVersionDate "2013.02.25"]
[SourceQuality "1"]

1. d4 Nf6 2. c4 b6 3. Nc3 Bb7 4. Qc2 d5 5. cxd5 Nxd5 6. Nf3 g6 7. e4 Nxc3 8. bxc3 Bg7 9. h4 Nd7 10. h5 e5 11. Be3 Qe7 12. Bd3 0-0-0 13. h6 Bf6 14. a4 exd4 15. cxd4 Nc5 16. dxc5 Bxa1 17. 0-0 Be5 18. c6 Bxc6 19. Bg5 f6 20. Nxe5 Qxe5 21. Qxc6 Rxd3 22. Bxf6 Qe8 23. Qc4 Rf8 24. Qxd3 Rxf6 25. Qd5 Rd6 26. Qa8+ Kd7 27. Qxa7 Qxe4 28. Rc1 Rc6 29. Rd1+ Rd6 30. Rc1 1/2-1/2

[Event "Satka-ch"]
[Site "Satka"]
[Date "2012.12.22"]
[Round "1"]
[White "Ivanov, Stepan"]
[Black "Popov, Alexander"]
[Result "1-0"]
[WhiteElo "2019"]
[BlackElo "2181"]
[PlyCount "45"]
[EventDate "2012.12.22"]
[EventType "swiss"]
[EventRounds "9"]
[EventCountry "RUS"]
[SourceTitle "CBM 152 Extra"]
[Source "ChessBase"]
[SourceDate "2013.02.25"]
[SourceVersion "1"]
[SourceVersionDate "2013.02.25"]
[SourceQuality "1"]

1. d4 Nf6 2. c4 e6 3. g3 Qe7 4. a3 Nc6 5. Bg2 Qd6 6. Nf3 Be7 7. Nc3 Na5 8. Ne5 c5 9. Bf4 Qxd4 10. Qa4 Nc6 11. Nxc6 dxc6 12. Rd1 b5 13. Bxc6+ Kf8 14. Qxb5 a6 15. Qa4 Qxd1+ 16. Qxd1 Ra7 17. Qb3 g6 18. Bh6+ Kg8 19. Qb8 Ra8 20. Qxa8 Ne8 21. Qxc8 Bf8 22. Qxe8 a5 23. Qxf8# 1-0

[Event "Urals-ch"]
[Site "Satka"]
[Date "2012.03.24"]
[Round "1"]
[White "Ivanov, Stepan"]
[Black "Gusarov, Grigory"]
[Result "0-1"]
[WhiteElo "2016"]
[BlackElo "2337"]
[PlyCount "60"]
[EventDate "2012.03.24"]
[EventType "swiss"]
[EventRounds "9"]
[EventCountry "RUS"]
[SourceTitle "CBM 147 Extra"]
[Source "ChessBase"]
[SourceDate "2012.04.24"]
[SourceVersion "1"]
[SourceVersionDate "2012.04.24"]
[SourceQuality "1"]

1. d4 Nf6 2. c4 e6 3. Nf3 d5 4. Nc3 Be7 5. Bg5 0-0 6. e3 Nbd7 7. Qc2 c6 8. Bd3 h6 9. Bh4 b6 10. 0-0 Bb7 11. Rac1 Rc8 12. Qe2 dxc4 13. Bxc4 b5 14. Bd3 b4 15. Na4 Qa5 16. b3 c5 17. Ne5 g5 18. Bg3 cxd4 19. Nxd7 Nxd7 20. Bb5 Nc5 21. exd4 Nxa4 22. bxa4 a6 23. Bc4 Bf6 24. Be5 Bxe5 25. Qxe5 Qxe5 26. dxe5 Rc5 27. Bxa6 Rxc1 28. Bxb7 Rc2 29. a5 Rxa2 30. a6 b3 0-1

[Event "Satka-ch"]
[Site "Satka"]
[Date "2011.12.29"]
[Round "9"]
[White "Ivanov, Stepan"]
[Black "Baigildin, Albert"]
[Result "0-1"]
[WhiteElo "2021"]
[BlackElo "2187"]
[PlyCount "94"]
[EventDate "2011.12.21"]
[EventType "swiss"]
[EventRounds "9"]
[EventCountry "RUS"]
[SourceTitle "CBM 146 Extra"]
[Source "ChessBase"]
[SourceDate "2012.02.29"]
[SourceVersion "1"]
[SourceVersionDate "2012.02.29"]
[SourceQuality "1"]

1. d4 Nf6 2. c4 g6 3. Nc3 d5 4. Bg5 Bg7 5. e3 c5 6. dxc5 Ne4 7. Nxe4 dxe4 8. Qxd8+ Kxd8 9. 0-0-0+ Ke8 10. Ne2 Na6 11. Nd4 Nxc5 12. Be2 Bd7 13. Rd2 Rc8 14. Rhd1 h6 15. Bf4 e5 16. Nb3 Nd3+ 17. Bxd3 exd3 18. Rxd3 Bf5 19. Bg3 Bxd3 20. Rxd3 Rxc4+ 21. Kb1 Ke7 22. Na5 Rc7 23. e4 Rd8 24. Rxd8 Kxd8 25. b3 Kd7 26. Nc4 Ke6 27. f3 b6 28. Ne3 Bf8 29. Kb2 Bc5 30. Nd5 Bd4+ 31. Kb1 Rc8 32. Be1 a5 33. Bd2 f5 34. h3 g5 35. Ne3 f4 36. Nf5 h5 37. a4 Rc7 38. h4 gxh4 39. Bxf4 Rc3 40. Kb2 h3 41. Nxd4+ exd4 42. gxh3 Rxf3 43. Bc7 Rxh3 44. Bxb6 Ke5 45. Bxa5 Kxe4 46. Bc7 Rc3 47. Bh2 Rc8 0-1

[Event "Satka-ch"]
[Site "Satka"]
[Date "2011.12.27"]
[Round "7"]
[White "Ivanov, Stepan"]
[Black "Tsvetkov, Pavel"]
[Result "1-0"]
[WhiteElo "2021"]
[BlackElo "2093"]
[PlyCount "49"]
[EventDate "2011.12.21"]
[EventType "swiss"]
[EventRounds "9"]
[EventCountry "RUS"]
[SourceTitle "CBM 146 Extra"]
[Source "ChessBase"]
[SourceDate "2012.02.29"]
[SourceVersion "1"]
[SourceVersionDate "2012.02.29"]
[SourceQuality "1"]

1. d4 Nf6 2. c4 g6 3. Nc3 d5 4. Bg5 Ne4 5. Bh4 Nxc3 6. bxc3 dxc4 7. e3 Be6 8. Rb1 b6 9. Nf3 Bg7 10. Nd2 c5 11. Bxc4 Bxc4 12. Nxc4 Qd5 13. Qa4+ Nd7 14. 0-0 cxd4 15. cxd4 0-0 16. Bxe7 Rfc8 17. Nd6 Rc7 18. Rfc1 Rxc1+ 19. Rxc1 Nf6 20. Bxf6 Bxf6 21. Qc6 Qxc6 22. Rxc6 Rd8 23. Nb5 Be7 24. Nxa7 Ra8 25. Rc8+ 1-0

[Event "Satka Governor Cup"]
[Site "Satka"]
[Date "2011.08.20"]
[Round "6"]
[White "Krotiuk, Daria"]
[Black "Ivanov, Stepan"]
[Result "1/2-1/2"]
[WhiteElo "1936"]
[BlackElo "2038"]
[PlyCount "56"]
[EventDate "2011.08.16"]
[EventType "swiss"]
[EventRounds "9"]
[EventCountry "RUS"]
[SourceTitle "CBM 144 Extra"]
[Source "ChessBase"]
[SourceDate "2011.10.28"]
[SourceVersion "1"]
[SourceVersionDate "2011.10.28"]
[SourceQuality "1"]

1. e4 c5 2. Nf3 d6 3. d4 cxd4 4. Nxd4 Nf6 5. Nc3 a6 6. Bg5 e6 7. f4 Qc7 8. Qe2 Nbd7 9. 0-0-0 b5 10. g3 b4 11. Na4 Bb7 12. Bg2 Qa5 13. b3 Nc5 14. Nxc5 dxc5 15. Bxf6 gxf6 16. e5 Bxg2 17. Qxg2 Rc8 18. Qb7 Qc7 19. Qxc7 Rxc7 20. Nf3 fxe5 21. Nxe5 f6 22. Nc4 h5 23. Rhe1 Kf7 24. Nd6+ Ke7 25. Nf5+ Kf7 26. Nd6+ Ke7 27. Nf5+ Kf7 28. Nd6+ Ke7 1/2-1/2

[Event "Izhevsk Corporation Cup-A 3rd"]
[Site "Izhevsk"]
[Date "2011.07.23"]
[Round "8"]
[White "Aseeva, Anastasia"]
[Black "Ivanov, Stepan"]
[Result "1/2-1/2"]
[WhiteElo "1947"]
[BlackElo "2038"]
[PlyCount "174"]
[EventDate "2011.07.15"]
[EventType "swiss"]
[EventRounds "9"]
[EventCountry "RUS"]
[SourceTitle "CBM 143 Extra"]
[Source "ChessBase"]
[SourceDate "2011.08.29"]
[SourceVersion "1"]
[SourceVersionDate "2011.08.29"]
[SourceQuality "1"]

1. d4 Nf6 2. c4 e6 3. Nf3 b6 4. e3 Bb7 5. Bd3 Be7 6. 0-0 0-0 7. Qe2 d5 8. Nc3 c5 9. Rd1 Nbd7 10. Ne5 Rc8 11. f4 Qc7 12. Nb5 Qb8 13. b3 Rfd8 14. Bb2 Nf8 15. Rac1 a6 16. Nc3 dxc4 17. bxc4 Ng6 18. Qf2 cxd4 19. exd4 Rxd4 20. Nd5 Rxd5 21. cxd5 Nxd5 22. Rxc8+ Qxc8 23. Bxg6 hxg6 24. Kh1 Qe8 25. Bd4 Qa4 26. Rf1 Qb5 27. h3 Bd6 28. Rd1 Qa4 29. Rb1 f6 30. Nxg6 Kf7 31. Ne5+ Kg8 32. Nd3 Qc4 33. Rb3 a5 34. Ne1 Nxf4 35. Rc3 Qa4 36. Rg3 Qd1 37. Bxf6 Nh5 38. Rd3 Bc5 39. Rxd1 Bxf2 40. Be5 Bd5 41. Nd3 Be3 42. a3 Nf6 43. Bf4 Bd4 44. Be5 Be3 45. Re1 Bg5 46. Kh2 Nd7 47. Bd4 Bb3 48. g3 Be7 49. Bb2 Bd6 50. Nf4 e5 51. Nd3 Kf7 52. Nf2 Ke6 53. Ne4 Be7 54. Nc3 Nc5 55. Re3 Bg5 56. Re2 Bc4 57. Re1 Bf6 58. Ba1 Be7 59. Nb1 Nd3 60. Re4 b5 61. Bc3 Ba2 62. Nd2 b4 63. axb4 axb4 64. Ba1 b3 65. Ra4 Bg5 66. Ne4 Bc1 67. Nc3 Be3 68. Nxa2 bxa2 69. Rxa2 Bd4 70. Bxd4 exd4 71. Rd2 Ne5 72. Kg2 Kd5 73. Kf2 Nc4 74. Ra2 Ke4 75. Ra7 g6 76. Ra6 Ne5 77. h4 Ng4+ 78. Ke2 Ne5 79. g4 d3+ 80. Kd1 Nxg4 81. Rxg6 Kf5 82. Rg5+ Kf4 83. Kd2 Ne5 84. Rh5 Nf3+ 85. Kxd3 Kg4 86. Rh8 Nxh4 87. Ke4 Ng6 1/2-1/2

[Event "Izhevsk Corporation Cup-A 3rd"]
[Site "Izhevsk"]
[Date "2011.07.22"]
[Round "7"]
[White "Ivanov, Stepan"]
[Black "Makarenko, Alexandra"]
[Result "0-1"]
[WhiteElo "2038"]
[BlackElo "2082"]
[PlyCount "76"]
[EventDate "2011.07.15"]
[EventType "swiss"]
[EventRounds "9"]
[EventCountry "RUS"]
[SourceTitle "CBM 143 Extra"]
[Source "ChessBase"]
[SourceDate "2011.08.29"]
[SourceVersion "1"]
[SourceVersionDate "2011.08.29"]
[SourceQuality "1"]

1. d4 Nf6 2. c4 c5 3. d5 g6 4. Nc3 d6 5. g3 Bg7 6. Bg2 0-0 7. e4 Na6 8. Nge2 Bd7 9. 0-0 Rb8 10. a3 Nc7 11. b4 b5 12. bxc5 dxc5 13. e5 Nfe8 14. f4 bxc4 15. Ne4 Na6 16. N2c3 Qa5 17. Qc2 Rb3 18. Bb2 Bf5 19. Qe2 Nec7 20. Ra2 Rfb8 21. d6 exd6 22. Nxd6 Bd3 23. Qd2 Ne6 24. Rd1 Nd4 25. Bd5 h5 26. Bxf7+ Kh7 27. Kg2 Qb6 28. Ba1 Nc7 29. Nce4 Qc6 30. Re1 Rd8 31. Qa5 Rxd6 32. exd6 Bxe4+ 33. Kf2 Ncb5 34. d7 Qxd7 35. Bxc4 Qh3 36. Bxb3 Qg2+ 37. Ke3 Qf3+ 38. Kd2 Nxb3# 0-1

[Event "Izhevsk Corporation Cup-A 3rd"]
[Site "Izhevsk"]
[Date "2011.07.16"]
[Round "2"]
[White "Kanter, Eduard"]
[Black "Ivanov, Stepan"]
[Result "1-0"]
[WhiteElo "2411"]
[BlackElo "2038"]
[PlyCount "67"]
[EventDate "2011.07.15"]
[EventType "swiss"]
[EventRounds "9"]
[EventCountry "RUS"]
[SourceTitle "CBM 143 Extra"]
[Source "ChessBase"]
[SourceDate "2011.08.29"]
[SourceVersion "1"]
[SourceVersionDate "2011.08.29"]
[SourceQuality "1"]

1. d4 Nf6 2. c4 e6 3. Nf3 b6 4. a3 Bb7 5. Nc3 Be7 6. d5 0-0 7. e4 exd5 8. cxd5 d6 9. Be2 c6 10. 0-0 Nbd7 11. Re1 Re8 12. dxc6 Bxc6 13. Bc4 Ne5 14. Ba2 Qc7 15. Nd4 Bb7 16. Bf4 Bf8 17. Bg5 Ned7 18. Rc1 Rac8 19. Nd5 Qb8 20. Nxf6+ gxf6 21. Qh5 d5 22. Rxc8 Qxc8 23. Bd2 Re5 24. Qg4+ Kh8 25. exd5 Bh6 26. Qd1 Bxd2 27. Qxd2 Rxe1+ 28. Qxe1 Qc5 29. Nf5 Ne5 30. Qd2 Bc8 31. Ne3 f5 32. h4 Qd6 33. Qc3 Bb7 34. Nc4 1-0

[Event "UrFO-ch op"]
[Site "Cheliabinsk"]
[Date "2011.03.20"]
[Round "2"]
[White "Ivanov, Stepan"]
[Black "Kholopov, Alexander A"]
[Result "1/2-1/2"]
[WhiteElo "2045"]
[BlackElo "2292"]
[PlyCount "84"]
[EventDate "2011.03.19"]
[EventType "swiss"]
[EventRounds "9"]
[EventCountry "RUS"]
[SourceTitle "EXT 2012"]
[Source "ChessBase"]
[SourceDate "2011.11.24"]
[SourceVersion "1"]
[SourceVersionDate "2011.11.24"]
[SourceQuality "1"]

1. d4 Nf6 2. c4 c5 3. d5 e5 4. Nc3 d6 5. e4 Be7 6. g3 Nbd7 7. Bg2 h5 8. Nf3 Nf8 9. Qd3 Ng6 10. h4 a6 11. Ng5 0-0 12. Bd2 b5 13. cxb5 axb5 14. Nxb5 Ba6 15. a4 Qb6 16. 0-0 Rfb8 17. Bh3 Nf8 18. Bc3 Rb7 19. Kg2 Rab8 20. Rad1 Rd8 21. Bf5 g6 22. Bh3 Ne8 23. f4 exf4 24. gxf4 Nc7 25. Qg3 Bxb5 26. axb5 Nxb5 27. f5 Nxc3 28. bxc3 Ra8 29. f6 Bd8 30. Ne6 Ra2+ 31. Kh1 fxe6 32. dxe6 Qc6 33. Rxd6 Qxe4+ 34. Bg2 Rxg2 35. Qxg2 Qxh4+ 36. Kg1 Bxf6 37. Qxb7 Qg3+ 38. Qg2 Qxd6 39. Rxf6 Kg7 40. Rf7+ Kg8 41. Rf6 Kg7 42. Rf7+ Kg8 1/2-1/2